The Housing (Right to Manage) (England) Regulations 2008 (Record no. 108715)
[ view plain ]
| 000 -LEADER | |
|---|---|
| fixed length control field | 02516cad a22002775a 4500 |
| 001 - CONTROL NUMBER | |
| control field | L145189 |
| 008 - FIXED-LENGTH DATA ELEMENTS--GENERAL INFORMATION | |
| fixed length control field | 080915e20080910xxk f lf000 0 eng d |
| 035 ## - SYSTEM CONTROL NUMBER | |
| System control number | (Sirsi) u145189 |
| 041 0# - LANGUAGE CODE | |
| Language code of text/sound track or separate title | eng |
| 050 04 - LIBRARY OF CONGRESS CALL NUMBER | |
| Classification number | 306.1 $2 18 |
| 110 2# - MAIN ENTRY--CORPORATE NAME | |
| Corporate name or jurisdiction name as entry element | United Kingdom |
| Form subheading | Laws, etc. |
| 9 (RLIN) | 5044 |
| 245 04 - TITLE STATEMENT | |
| Title | The Housing (Right to Manage) (England) Regulations 2008 |
| Medium | [electronic resource] |
| 260 ## - PUBLICATION, DISTRIBUTION, ETC. | |
| Place of publication, distribution, etc. | London |
| Name of publisher, distributor, etc. | OPSI |
| Date of publication, distribution, etc. | 2008 |
| 490 #0 - SERIES STATEMENT | |
| Series statement | SI |
| Volume/sequential designation | 2008: 2361 |
| 505 2# - FORMATTED CONTENTS NOTE | |
| Formatted contents note | General provisions: citation, commencement and application; partial revocation of the Housing (Right to Manage) Regulations 1994; interpretation; definition and general duties of tenant management organisation; agreement for extension of time; security of ballot; written communications; disputes between authorities and TMOs -- Initiating the process stage: proposal notices; consultation and membership requirements relevant to proposal notices; acceptance and refusal of proposal notices; authority support following proposal notice |
| 505 2# - FORMATTED CONTENTS NOTE | |
| Formatted contents note | Feasibility and development stage: feasibility study; appointment of approved assessor to assess competence of TMO; offer to tenants -- Implementation stage: duty to enter into management agreement; incorporation of TMO |
| 505 2# - FORMATTED CONTENTS NOTE | |
| Formatted contents note | Other provisions relating to TMOs: guidance by Secretary of State; break clause in other housing management agreements; participation by authority in TMOs; agreements entered into voluntarily -- Transitional provisions: general transitional provision; proposal notices served under the 1994 Regulations; local authority support following proposal notice; subsequent procedure in relation to regulation 2 notices |
| 520 ## - SUMMARY, ETC. | |
| Summary, etc. | Legislation allows for a procedure to enable tenant management organisations (TMOs) to enter into agreements with local housing authorities to provide housing management services. It sets out: what TMOs are; the criteria they must meet to take over housing management services and clarifies what assistance local housing authorities must provide during any transition of control. The appointment of an approved assessor is also stipulated for the assessment of the feasiblity of TMO proposals. Comes into force 1 October 2008. |
| 521 ## - TARGET AUDIENCE NOTE | |
| Target audience note | Advanced |
| 590 ## - LOCAL NOTE (RLIN) | |
| Local note | KA NTK |
| 650 24 - SUBJECT ADDED ENTRY--TOPICAL TERM | |
| Topical term or geographic name entry element | HOUSING (RIGHT TO MANAGE) (ENGLAND) REGULATIONS 2008 |
| 651 #4 - SUBJECT ADDED ENTRY--GEOGRAPHIC NAME | |
| Geographic name | England and Wales |
| Chronological subdivision | 1543- |
| 690 ## - LOCAL SUBJECT ADDED ENTRY--TOPICAL TERM (OCLC, RLIN) | |
| Topical term or geographic name as entry element | Block management |
| 9 (RLIN) | 6220 |
| 856 40 - ELECTRONIC LOCATION AND ACCESS | |
| Uniform Resource Identifier | <a href="https://www.opsi.gov.uk/si/si2008/uksi_20082361_en_1">https://www.opsi.gov.uk/si/si2008/uksi_20082361_en_1</a> |
| Public note | View the item free of charge at www.opsi.gov.uk... |
| 942 ## - ADDED ENTRY ELEMENTS (KOHA) | |
| Suppress in OPAC | 0 |
| Withdrawn status | Lost status | Source of classification or shelving scheme | Damaged status | Not for loan | Home library | Current library | Shelving location | Date acquired | Total Checkouts | Full call number | Barcode | Date last seen | Copy number | Price effective from | Koha item type |
|---|---|---|---|---|---|---|---|---|---|---|---|---|---|---|---|
| Dewey Decimal Classification | Virtual | Virtual | Online | 15/09/2008 | ONLINE PUBLICATION | 145189-1001 | 06/08/2019 | 1 | 06/08/2019 | Book |